New trends in university - alumni relations

Vzťahy absolventov a propagácie vyššieho vzdelávania. Marketingový prístup k vyššiemu vzdelávaniu. Implementácia vzťahov absolventov v marketingových stratégiách inštitúcií vyššieho vzdelávania. Aktuálne trendy vo vzťahoch absolventov.

Saved in:
Bibliographic Details
Main Author: Bikárová, Eva
Format: Book Chapter
Language:English
Subjects:
Tags: Add Tag
No Tags, Be the first to tag this record!

MARC

LEADER 00000nla a2200000 4500
001 0214902
005 20240502073605.7
041 0 |a eng 
044 |a SK 
245 1 0 |a New trends in university - alumni relations  |c Eva Bikárová 
520 |a Vzťahy absolventov a propagácie vyššieho vzdelávania. Marketingový prístup k vyššiemu vzdelávaniu. Implementácia vzťahov absolventov v marketingových stratégiách inštitúcií vyššieho vzdelávania. Aktuálne trendy vo vzťahoch absolventov. 
610 2 0 |a marketing 
610 2 0 |a absolventi 
610 2 0 |a marketing mix 
610 2 0 |a komunikácia 
100 1 |a Bikárová, Eva